Statistics for Largest Chinese Cities A to Z

Click here to take the quiz!

General Stats

  • This quiz has been taken 141 times
    (39 since last reset)
  • The average score is 16 of 24

Answer Stats

LetterPopulation城市City% Correct
B18,883,000北京Beijing
100%
G27,119,000广州-佛山Guangzhou-Foshan
100%
S24,042,000上海Shanghai
100%
X12,211,000西安Xi'an
100%
C15,016,000成都Chengdu
96%
U4,548,000乌鲁木齐Urumqi
96%
F4,487,000福州Fuzhou
93%
W10,353,000武汉Wuhan
93%
T10,047,000天津Tianjin
89%
H9,618,000杭州Hangzhou
86%
Z11,068,000郑州Zhengzhou
86%
N8,507,000南京Nanjing
82%
J4,057,000济南Jinan
71%
K4,995,000昆明Kunming
71%
A1,416,000鞍山Anshan
61%
L2,977,000兰州Lanzhou
57%
D10,753,000东莞Dongguan
46%
E717,000鄂州Ezhou
25%
P1,676,000莆田Putian
25%
Q6,743,000泉州-晋江Quanzhou-Jinjiang
25%
O618,000鄂尔多斯Ordos
21%
Y2,317,000银川Yinchuan
18%
M1,088,000绵阳Mianyang
14%
R1,265,000瑞安Rui'an
4%

Score Distribution

Percentile by Number Answered

Percent of People with Each Score

Your Score History

You have not taken this quiz since the last reset